000 00780nam a2200241Ia 4500
003 LK-CoUSC
005 20240729120203.0
008 240729s9999 xx 000 0 und d
022 _a2520-2685
040 _ca
245 0 _aHealth, Sport, Rehabilitation
260 _aUkraine
260 _bH.S. Skovoroda Kharkiv National Pedagogical University
650 _a Recreation leadership. Administration of recreation services
650 _a Recreation. Leisure
650 _a Recreation. Leisure
650 _a Sports | Geography. Anthropology. Recreation
650 _aGeography. Anthropology. Recreation
856 _uhttps://doaj.org/toc/c1624285eb19418390e7c74a7e4a4978
942 _2ddc
942 _cDOAJEJ
_2ddc
945 _a1
_bMadushi Gamage
_c1
_dMadushi Gamage
999 _c69233
_d69233